000 00393nam a2200133 a 4500
001 000043426
005 20201002040913.0
008 140314s2009 dr 000 0 spa d
020 _a9789945001778
040 _aDO-SdBNP
_bspa
_cBNPHU
245 0 3 _aEl partido V República en 50 preguntas y respuestas /.
260 _aSanto Domingo :
_bPartido V República,
_c2009.
300 _a125 p. ;
_c22 cm.
999 _c42915
_d42915